Biblioteca y Centro de Documentación

Una nota sobre el IVA y el consumo de cine, teatro y otros espectáculos (Registro nro. 48287)

Detalles MARC
000 -CABECERA
Longitud fija campo de control 01328naa a2200313 c 4500
001 - NÚMERO DE CONTROL
Número de control 48287
003 - IDENTIFICADOR DE NÚMERO DE CONTROL
Identificador del número de control ES-MaCES
005 - FECHA Y HORA DE LA ÚLTIMA TRANSACCIÓN
Fecha y hora de la última transacción 20161004132421.0
008 - CAMPO FIJO DE DESCRIPCIÓN FIJA--INFORMACIÓN GENERAL
Códigos de información de longitud fija   161004s2016 sp ||||| t||||||| ||spa d
040 ## - FUENTE DE CATALOGACIÓN
Centro catalogador de origen ES-MaCES
Lengua de catalogación spa
Centro transcriptor ES-MaCES
Centro modificado ES-MaCES
100 1# - ENCABEZAMIENTO PRINCIPAL--NOMBRE PERSONAL
9 (RLIN) 22582
Nombre de persona Romero Jordán, Desiderio
245 14 - MENCIÓN DE TÍTULO
Título Una nota sobre el IVA y el consumo de cine, teatro y otros espectáculos
Mención de responsabilidad, etc. Desiderio Romero Jordán, José Félix Sanz Sanz
500 ## - NOTA GENERAL
Nota general Resumen
504 ## - NOTA DE BIBLIOGRAFÍA, ETC.
Nota de bibliografía, etc. Bibliografía: p. 75
650 #4 - ASIENTO SECUNDARIO DE MATERIA--TÉRMINO DE MATERIA
9 (RLIN) 28094
Término de materia o nombre geográfico como elemento inicial impuesto al valor añadido
650 #4 - ASIENTO SECUNDARIO DE MATERIA--TÉRMINO DE MATERIA
9 (RLIN) 28080
Término de materia o nombre geográfico como elemento inicial impuesto al consumo
650 #4 - ASIENTO SECUNDARIO DE MATERIA--TÉRMINO DE MATERIA
9 (RLIN) 28087
Término de materia o nombre geográfico como elemento inicial recaudación de impuestos
650 #4 - ASIENTO SECUNDARIO DE MATERIA--TÉRMINO DE MATERIA
9 (RLIN) 28093
Término de materia o nombre geográfico como elemento inicial tributación
650 #4 - ASIENTO SECUNDARIO DE MATERIA--TÉRMINO DE MATERIA
9 (RLIN) 28082
Término de materia o nombre geográfico como elemento inicial política fiscal
650 #4 - ASIENTO SECUNDARIO DE MATERIA--TÉRMINO DE MATERIA
9 (RLIN) 27265
Término de materia o nombre geográfico como elemento inicial cultura
650 #4 - ASIENTO SECUNDARIO DE MATERIA--TÉRMINO DE MATERIA
9 (RLIN) 27876
Término de materia o nombre geográfico como elemento inicial industria cinematográfica
650 #4 - ASIENTO SECUNDARIO DE MATERIA--TÉRMINO DE MATERIA
9 (RLIN) 27354
Término de materia o nombre geográfico como elemento inicial teatro
650 #4 - ASIENTO SECUNDARIO DE MATERIA--TÉRMINO DE MATERIA
9 (RLIN) 30446
Término de materia o nombre geográfico como elemento inicial industria del espectáculo
653 10 - TÉRMINO DE INDEXACIÓN--NO CONTROLADO
Término no controlado Fiscalidad
700 1# - ENCABEZAMIENTO SECUNDARIO--NOMBRE PERSONAL
9 (RLIN) 23546
Nombre de persona Sanz Sanz, José Félix
773 0# - ENTRADA DE DOCUMENTO FUENTE
Itemnumber del ítem fuente 85055
Lugar, editor y fecha de publicación [Madrid (Juan Hurtado de Mendoza, 14, 28036)] [Fundación Fondo para la Investigación Económica y Social, Obra Social de la Confederación Española de Cajas de Ahorros]
Otro identificador del documento 087953
Título Cuadernos de información económica
Número de control del registro relacionado (ES-MaCES)25356
Parte(s) relacionada(s) n. 253 (jul.-ag. 2016) {10345 R. 087953} ;p. 67-75
902 ## - CES. TIPO DE DOCUMENTO
Tipodoc (006$c Sirtex) ART Artículo de revista
942 ## - ELEMENTOS KOHA
Fuente de clasificaión o esquema Clasificación propia del CES
Koha [por defecto] tipo de item Artículos (1982-2017)
Parte de clasificación Fiscalidad

No hay ítems disponibles.

© CES, Consejo Económico y Social de España 2021